书目信息 |
| 题名: |
基于可持续发展理论的西部地区特色旅游资源开发极限效应研究
|
|
| 作者: | 唐善茂 著 | |
| 分册: | ||
| 出版信息: | 北京 科学出版社 2009 |
|
| 页数: | 138页 | |
| 开本: | 24cm | |
| 丛书名: | ||
| 单 册: | ||
| 中图分类: | F592.7 | |
| 科图分类: | ||
| 主题词: | 旅游资源--Lv You Zi Yuan--资源开发--研究--西北地区 , 旅游资源--Lv You Zi Yuan--资源开发--研究--西南地区 | |
| 电子资源: | ||
| ISBN: | 978-7-03-024871-8 | |
| 000 | 01088nam0 22002531 450 | |
| 001 | 350001 | |
| 005 | 20161009094928.79 | |
| 010 | @a978-7-03-024871-8@dCNY30.00 | |
| 100 | @a20090817d2009 emky0chiy50 ea | |
| 101 | 0 | @achi |
| 102 | @aCN@b110000 | |
| 105 | @ay z 000yy | |
| 106 | @ar | |
| 200 | 1 | @a基于可持续发展理论的西部地区特色旅游资源开发极限效应研究@AJi Yu Ke Chi Xu Fa Zhan Li Lun De Xi Bu Di Qu Te Se Lv You Zi Yuan Kai Fa Ji Xian Xiao Ying Yan Jiu@f唐善茂[等]著 |
| 210 | @a北京@c科学出版社@d2009 | |
| 215 | @a138页@d24cm | |
| 304 | @a著者还有:张瑞梅、郭雪、喻震 | |
| 330 | @a本书探讨了旅游持续发展理论,系统研究了西部特色旅游资源可持续开发利用的优势、制约条件和现状,构建了西部特色旅游资源可持续开发利用评价体系,并将预警机制引入综合评价中,建立的数理模型对区域特色旅游资源开发进行了综合效应分析。 | |
| 606 | 0 | @a旅游资源@ALv You Zi Yuan@x资源开发@x研究@y西北地区 |
| 606 | 0 | @a旅游资源@ALv You Zi Yuan@x资源开发@x研究@y西南地区 |
| 690 | @aF592.7@v5 | |
| 701 | 0 | @a唐善茂@ATang Shan Mao@4著 |
| 801 | 0 | @aCN@bTANGWEI@20160802 |
| 905 | @b0887830-4@dF592.7@e460@f5 | |
| 基于可持续发展理论的西部地区特色旅游资源开发极限效应研究/唐善茂[等]著 .-北京:科学出版社,2009 |
| 138页;24cm |
| ISBN 978-7-03-024871-8:CNY30.00 |
| 本书探讨了旅游持续发展理论,系统研究了西部特色旅游资源可持续开发利用的优势、制约条件和现状,构建了西部特色旅游资源可持续开发利用评价体系,并将预警机制引入综合评价中,建立的数理模型对区域特色旅游资源开发进行了综合效应分析。 |
| ● |
| 相关链接 |
|
|
|
|
正题名:基于可持续发展理论的西部地区特色旅游资源开发极限效应研究
索取号:F592.7/460
 
预约/预借
| 序号 | 登录号 | 条形码 | 馆藏地/架位号 | 状态 | 备注 |
| 1 | 0887830 | 208878302 | 第一样本阅览室/ [索取号:F592.7/460] | 在馆 | |
| 2 | 0887831 | 208878311 | 第一借阅区/ [索取号:F592.7/460] | 在馆 | |
| 3 | 0887832 | 208878320 | 第一借阅区/ [索取号:F592.7/460] | 在馆 | |
| 4 | 0887833 | 208878339 | 第一借阅区/ [索取号:F592.7/460] | 在馆 | |
| 5 | 0887834 | 208878348 | 第一借阅区/ [索取号:F592.7/460] | 在馆 |